لمتحف القبطي :مرايا التاريخ عبق العراقية
Saved in:
Main Author:
Format: Book
Language: Undetermined
Published:
Cairo
2006
Subjects:
Tags: Add Tag
No Tags, Be the first to tag this record!
Call Number: N3825.M383
| LEADER | 00593nam a2200169Ia 4500 | ||
|---|---|---|---|
| 008 | 230909s9999||||xx |||||||||||||| ||und|| | ||
| 050 | 4 | |a N3825.M383 | |
| 100 | 1 | |a حسن ،فاروق | |
| 245 | 1 | 0 | |a لمتحف القبطي :مرايا التاريخ عبق العراقية |
| 264 | 1 | |a Cairo |c 2006 | |
| 300 | |a 112 P |c 22CM | ||
| 504 | |a Prefaces by faruq husni and hawwas | ||
| 650 | 4 | |a cabtin art | |
| 650 | 4 | |a mathaf al qibti | |
| 942 | |2 lcc |c BK | ||
| 952 | |0 0 |1 0 |2 lcc |4 0 |6 N3825 M383 |7 1 |9 49979 |a ARCE |b ARCE |d 2023-09-09 |l 0 |o N3825.M383 |p 1022632 |r 2023-09-09 00:00:00 |w 2023-09-09 |y BK | ||
| 999 | |c 54602 |d 54602 | ||
